GENERAL ENGLISH for Law Students (Record no. 224)

000 -LEADER
fixed length control field 00329nam a2200133Ia 4500
008 - FIXED-LENGTH DATA ELEMENTS--GENERAL INFORMATION
fixed length control field 180730s9999||||xx |||||||||||||| ||und||
082 ## - DEWEY DECIMAL CLASSIFICATION NUMBER
Classification number 343.071
Item number JAI/I
100 ## - MAIN ENTRY--PERSONAL NAME
Personal name Rai, G. N.
245 #0 - TITLE STATEMENT
Title GENERAL ENGLISH for Law Students
260 ## - PUBLICATION, DISTRIBUTION, ETC.
Place of publication, distribution, etc. Faridabad
Name of publisher, distributor, etc. Sri Sai Law Pub.
Date of publication, distribution, etc. 2014
300 ## - PHYSICAL DESCRIPTION
Extent 331
700 ## - ADDED ENTRY--PERSONAL NAME
Personal name NISHI BEHL
942 ## - ADDED ENTRY ELEMENTS (KOHA)
Koha item type Book
Holdings
Withdrawn status Lost status Damaged status Not for loan Collection code Permanent Location Current Location Date acquired Cost, normal purchase price Total Checkouts Barcode Date last seen Date last checked out Price effective from Koha item type
        School of Law (Noida) MUIT-NOIDA MUIT-NOIDA 2018-07-30 185.00 3 MLS00109 2025-09-03 2025-08-28 2018-07-30 Book

All Rights Reserved@MUIT

Powered by Koha